000 00700nam a2200289Ia 4500
005 20260324134345.0
008 008 260324s9999 xx 000 0 eng d
020 _a9780429077739
037 _aEBOOK
040 _aCRL
040 _beng
040 _cCRL
041 _2eng
041 _aeng
084 _qCRL
100 _aSergio Fajardo; H. Jerome Keisler
_91196510
245 0 _aModel Theory of Stochastic Processes
245 0 _bLecture Notes in Logic 14
260 _bTaylor and Francis
260 _c2002
365 _a
365 _b300
856 _uhttp://www.taylorfrancis.com/books/9780429077739
942 _cEBOOK
999 _c1796528
_d1796528